00583nam a2200169Ia 4500008004100000020001800041082001700059100002900076245002500105260003800130300001400168500004400182700002200226906001000248999001700258952013800275220610s9999 xx 000 0 und d a9780743273015 a378.166bSIM aSimon & Schuster9129115 aInside the TOEFL iBT aNew YorkbKaplan Publishersc2005 a296 PbPB a"Donated by Mr. Chandrashekhar, Nagpur" a Schuster9129116 a0bGB c53268d53268 00104070aCEWNbCEWNd2015-04-08eDonarg193.00l0o378.166/SIM/ pCEWN-DB-120r2022-06-10 00:00:00v193.00w2022-06-10yDBzD00120